Recull d'activitats 2008 : Gerència de Centres Assistencials Dr. Emili Mira i López Gerència de Centres Assistencials Dr. Emili Mira i López
Publicado:
Barcelona :
Diputació de Barcelona. Servei de Salut Pública i Consum. Centres Assistencials Dr. Emili Mira i López ,
2009
Descripción Física:
15 p. : il. col. ; 29 cm
MARC
| LEADER | 00000nam a2200000Ia 4500 | ||
|---|---|---|---|
| 001 | 21934 | ||
| 008 | 160829s2009 xx 000 0 cat d | ||
| 080 | |a FU-52-18 | ||
| 245 | |a Recull d'activitats 2008 : |b Gerència de Centres Assistencials Dr. Emili Mira i López | ||
| 260 | |a Barcelona : |b Diputació de Barcelona. Servei de Salut Pública i Consum. Centres Assistencials Dr. Emili Mira i López, |c 2009 | ||
| 300 | |a 15 p. : |b il. col. ; |c 29 cm | ||
| 650 | |a Centres Assistencials Dr. Emili Mira i López | ||
| 710 | |a Barcelona (Catalunya : Província). |b Servei de Salut Pública i Consum |9 8151 | ||
| 710 | 2 | |a Centres Assistencials Dr. Emili Mira i López |9 52938 | |
| 901 | |a Arxiu | ||
| 942 | |n 1 | ||
| 952 | |0 0 |1 0 |4 0 |7 1 |9 51996 |a Arxiu |b Arxiu |d 2016-12-01 |h 2008 |o FU-52-18 |p 21934 |r 2016-12-01 00:00:00 |w 2016-12-01 |y ARXIU | ||
| 999 | |c 55843 |d 55843 | ||